Vista normal Vista MARC

Entrada Materia (tema)

Número de registros utilizados en: 2

001 - CONTROL NUMBER

  • control field: 40835

003 - CONTROL NUMBER IDENTIFIER

  • control field: Co-BoUCM

005 - DATE AND TIME OF LATEST TRANSACTION

  • control field: 20130717081653.0

008 - FIXED-LENGTH DATA ELEMENTS

  • fixed length control field: 130717|| aca||aabn | a|a d

040 ## - CATALOGING SOURCE

  • Original cataloging agency: Co-BoUCM
  • Transcribing agency: Co-BoUCM

150 ## - HEADING--TOPICAL TERM

  • Topical term or geographic name as entry element: Aduanas
  • General subdivision: Legislación
  • Geographic subdivision: Mexico

670 ## - SOURCE DATA FOUND

  • Source citation: Work cat.: (Co-BoUCM)167838: Rodhe Ponce, Andrés 40263, Derecho aduanero mexicano, 2000